000 01453cam a2200157 4500500
005 20260329022810.0
041 _afre
042 _adc
100 1 0 _aKayser-Bril, Nicolas
_eauthor
245 0 0 _aMaking German Children Swallow the Colonial Project : Der kleine Coco Magazine from 1909 to 1933
260 _c2026.
500 _a4
520 _aIn 1909, Dutch margarine manufacturer Jurgens & Prinzen became the first company to offer a free magazine for German children. Published every couple of months, Der kleine Coco accompanied every purchased cube of margarine, with millions of copies distributed across Germany between 1909 and 1933. This article provides a critical analysis of the publication, showing that its content, at least for the period 1909-1914, unequivocally supports the German colonial enterprise while promoting differentiated, gendered, and racialized representations and practices of children’s food education. The magazine portrays racialized subjects as grateful to their colonial rulers, who explain how margarine production in Europe benefits African populations. Read by both boys and girls, and almost certainly by their mothers as well, Der Kleine Coco shows that colonial discourse was by no means confined to adult men.
786 0 _nCahiers du Genre | 79 | 2 | 2026-01-20 | p. 73-101 | 1298-6046
856 4 1 _uhttps://shs.cairn.info/journal-cahiers-du-genre-2025-2-page-73?lang=en&redirect-ssocas=7080
999 _c1922655
_d1922654